Poder y penuria: gobierno, tecnología y sociedad en la España de Felipe II

Zapisane w:
Opis bibliograficzny
1. autor: Goodman, David C (Autor)
Format: Książka
Język:hiszpański
Wydane: Madrid, España Alianza 1990
Seria:Alianza Universidad, 636
Hasła przedmiotowe:
Etykiety: Dodaj etykietę
Nie ma etykietki, Dołącz pierwszą etykiete!

MARC

LEADER 00000nam a2200000 a 4500
001 UCX7570
003 CL-VaPUC
005 20211218074430.0
008 931216e19900000SP |||||||||||||||||spa|d
999 |c 227362  |d 227360 
020 |a 8420626368 
040 |c Pontificia Universidad Católica de Valparaíso 
082 0 4 |a 946.043 GOO 1990  |2 21 
100 |a Goodman, David C  |e author  |9 324452 
245 1 0 |a Poder y penuria:  |b  gobierno, tecnología y sociedad en la España de Felipe II 
260 |a Madrid, España  |b Alianza  |c 1990 
300 |a 305 páginas 
490 0 |a Alianza Universidad,  |v  636 
583 |a last modification  |c 20160920 04:15:15  |k Rodrigo Vera 
600 0 7 |a FELIPE II  |2 CL-VaPUC  |9 314243  |z ESPAÑA 
650 7 |a HISTORIA DE ESPAÑA  |2 CL-VaPUC  |9 318547  |y SIGLO 16 
650 0 |a Desarrollo científico  |z ESPAÑA  |9 259799 
650 7 |a DESARROLLO TECNOLOGICO  |2 CL-VaPUC  |9 259800  |z ESPAÑA 
852 |a BIBCUR 
942 |c BK  |2 ddc 
945 |d 19931216 00:00:00  |a aalvarez 
952 |0 0  |1 0  |2 ddc  |4 0  |6 946_043000000000000_GOO_1990  |7 0  |8 A  |9 226319  |a BIBHIS  |b BIBHIS  |d 2019-11-15  |i 2954443  |o 946.043 GOO 1990  |p 2954443  |r 2025-01-20  |t 1  |w 2019-11-15  |y BK  |k HIS